02009nam a22003017a 4500003000900000005001700009007000300026008004100029020001800070040002700088082003900115100003500154242000600189245012800195246002800323260010100351300002900452490007400481500006500555504003200620505074900652650005901401650001301460650008301473651005401556700004301610710005401653DO-SdBNP20220310121851.0ta211203b2019 dr abc|| |||| 00| 0 spa d a9789945894684 aDO-SdBNP bspacBPMSU  4a972.9301b972.9301 L864p 20192221 aLópez Belando, Adolfo José y 10aEl poblado Taíno de Playa Grande :binforme arqueológico /cAdolfo López Belando ; presentación Luis Scheker Ortiz. aInforme arqueológico  aSanto Domingo :bAcademia de Ciencias de la República Dominicana,bShelley Foundation, c2019. a299 p. :bil. ;c26 cm. 1 aPublicaciones de la Academia de Ciencias de la República Dominicana aIncluye datos biográficos del autor en la contracubierta. aBibliografía : p. 297-2990 aPresentación -- Preámbulo -- Reconocimientos -- Introducción -- Antecedentes -- Desarrollo de los trabajos -- Áreas del establecimiento humano -- Playa Grande, Corte – 1 -- Playa Grande, Corte – 2 -- Playa Grande, Corte -- Playa Grande, Corte – 4 -- Playa Grande, Corte – 5 -- Playa Grande, Corte – 6 -- Playa Grande, Corte – 7 -- Playa Grande, Corte 7 (A-H) -- Playa Grande, Corte 8 -- Estudio estratigráfico de los Cortes 7 y 7 (A-H) -- Gráficos estadísticos de los materiales y los tipos -- Conclusiones de las excavaciones -- Herramientas obtenidas durante las excavaciones -- Producción de hachas de jadeíta -- Tipos cerámicos --Objetos con connotaciones rituales -- Objetos importados – Bibliografía.  4aExcavaciones (Arqueología) zRepública Dominicana  4aTaínos 4aLevantamiento arqueológico zPlaya Grande (República Dominicana)vInforme  4aRepública DominicanaxAntigüedades.vInforme 1 aScheker Ortiz, Luis, epresentación 2 aAcademia de Ciencias de la República Dominicana